[Event "SLO-chT2 Ost"]
[Site "Slovenia"]
[Date "2010.09.25"]
[Round "6"]
[White "Sekoranja, Marjan"]
[Black "Kosic, Branko"]
[Result "1/2-1/2"]
[WhiteElo "1769"]
[BlackElo "1802"]
[PlyCount "29"]
[EventDate "2010.05.29"]
[EventType "team-tourn"]
[EventRounds "9"]
[EventCountry "SLO"]
[SourceTitle "EXT 2022"]
[Source "ChessBase"]
[SourceDate "2021.10.06"]
[SourceVersion "1"]
[SourceVersionDate "2021.10.06"]
[SourceQuality "1"]

1. Nf3 d5 2. d4 Nf6 3. Bf4 e6 4. e3 Bd6 5. Ne5 0-0 6. Bd3 Nbd7 7. Nd2 Be7 8. Qe2 a5 9. a4 c5 10. c3 c4 11. Bc2 Nxe5 12. dxe5 Ne8 13. 0-0 g6 14. f3 Ng7 15. e4 1/2-1/2